The Haj From the Indian Subcontinent 1860-1920: (Record no. 194796)

MARC details
000 -LEADER
fixed length control field 00612nam a22001817a 4500
005 - DATE AND TIME OF LATEST TRANSACTION
control field 20230203163303.0
010 ## - LCCN (DPL NO)
LC control number ENG-136023
020 ## - INTERNATIONAL STANDARD BOOK NUMBER
International Standard Book Number 9780198070603
Terms of availability 595.00
035 ## - SYSTEM CONTROL NUMBER
System control number EN-119555
037 ## - SOURCE OF ACQUISITION
Source of stock number/acquisition DBAD/PUB
082 ## - DEWEY DECIMAL CLASSIFICATION NUMBER
Classification number 297.352
100 ## - MAIN ENTRY--PERSONAL NAME
Personal name Mishra, Saurabh
245 ## - TITLE STATEMENT
Title The Haj From the Indian Subcontinent 1860-1920:
Remainder of title Pilgrimage, Politics and Pestilence/
Statement of responsibility, etc by Saurabh Mishra
260 ## - PUBLICATION, DISTRIBUTION, ETC. (IMPRINT)
Place of publication, distribution, etc New Delhi
Name of publisher, distributor, etc Oxford University Press
Date of publication, distribution, etc 2011
270 ## - ADDRESS
Address YMCA Library Building, Jai Singh Road
City New Delhi
Postal code 110001
300 ## - PHYSICAL DESCRIPTION
Extent ix, 173p.
Other physical details Index
Dimensions 22cm(hbk)
942 ## - ADDED ENTRY ELEMENTS (KOHA)
Source of classification or shelving scheme Dewey Decimal Classification
Item type English Books
Classification part 297.352
Call number suffix MIS
Holdings
Withdrawn status Lost status Not for loan Collection code Home library Current library Date acquired Source of acquisition Cost, normal purchase price Full call number Barcode Copy number Cost, replacement price Koha item type
      Non-fiction Peshwa Road Peshwa Road 20/01/2023 DBAD/PUB 595.00 297.352 MIS EN-119555 1 595.00 English Books

© Delhi Public Library
Hit Counter
free hit counter